| 000 | 00372nam a2200133Ia 4500 | ||
|---|---|---|---|
| 008 | 231129s9999||||xx |||||||||||||| ||spa|| | ||
| 020 | _a958-30-0153-8 | ||
| 040 | _bspa | ||
| 082 | _aCo863.44 C112m | ||
| 100 | _aCaballero Calderon Eduardo | ||
| 245 | 0 | _aMemorias infantiles 1916 - 1924 | |
| 264 | _aPanamericana | ||
| 942 |
_2ddc _cBKS |
||
| 999 |
_c20972 _d20972 |
||